Union Territories of India - Statistics

General Stats
  • This quiz has been taken 7 times
  • The average score is 7 of 8
Answer Stats
Answer % Correct
Andaman and Nicobar Islands
100%
Dadra and Nagar Haveli and Daman and Diu
100%
Delhi
100%
Jammu and Kashmir
86%
Lakshadweep
86%
Puducherry
86%
Chandigarh
71%
Ladakh
71%
No matching quizzes found
Score Distribution
Percent of People with Each Score
Percentile by Number Answered
Your Score History
You have not taken this quiz